| 000 | 00495nam a2200181Ia 4500 | ||
|---|---|---|---|
| 003 | GCL | ||
| 008 | 140319s9999 xx 000 0 ara d | ||
| 040 |
_aGCL / _cGCL |
||
| 082 | 0 | 4 |
_a142.7 _bف ر |
| 100 | 1 | _aفؤاد كامل | |
| 245 | 1 | 0 |
_aالرد على الحاد سارتر / _cفؤاد كامل |
| 300 | _a86 ص | ||
| 490 |
_aالمكتبة الثقافية _v0 |
||
| 650 | 0 | 4 | _aالفلسفة |
| 650 | 0 | 4 | _aالوجودية |
| 650 | 0 | 4 | _aسارتر، جان بول |
| 942 |
_2ddc _cBK |
||
| 999 |
_c47045 _d47045 |
||